| 000 | 00763nam a2200241 a 4500 | ||
|---|---|---|---|
| 003 | MX-MxUPN | ||
| 005 | 20230822111904.0 | ||
| 008 | 010608s2000 es r 000 0 spa d | ||
| 020 | _a8471976552 | ||
| 035 | _aUPN01000107790 | ||
| 040 |
_aMX-MxUPN _bspa _cMX-MxUPN |
||
| 041 | 0 | _aspa | |
| 050 | 1 | 4 |
_aLB1072 _bB5.4 2000 |
| 100 | 1 |
_aBisquerra Alzina, Rafael _943550 |
|
| 245 | 1 | 0 |
_aEducación emocional y bienestar / _cRafael Bisquerra Alzina ; colab. Manuel Alvarez. |
| 250 | _a2a ed. rev. y act. | ||
| 260 |
_aBarcelona, Esp. : _bCisspraxis : _bWolters Kluwer, _c2000. |
||
| 300 |
_a303 páginas : _bilustraciones |
||
| 440 | 0 | _aEducación emocional | |
| 650 | 4 |
_aEducación emocional _911882 |
|
| 700 | 1 |
_aAlvarez, Manuel, _ecolab. _931090 |
|
| 905 | _aLibro | ||
| 999 |
_c81702 _d81702 |
||